| 000 | 00621nam a22002057a 4500 | ||
|---|---|---|---|
| 003 | DO-SdBNP | ||
| 005 | 20220428094117.0 | ||
| 008 | 110301s2021 dr 000 0 spa d | ||
| 020 | _a9789945608649 | ||
| 040 |
_aDO-SdBNP _bspa _cBNPHU |
||
| 082 | 4 |
_axxxx _bG619a |
|
| 100 | 1 |
_aGoldman, Silvia _953018 |
|
| 245 | 1 | 0 |
_aÁrbol : _by otras ansiedades / _cSilvia Goldman |
| 260 |
_aSan Juan, Puerto Rico : _bIsla Negra, _c2021. |
||
| 300 |
_a96 p. : _c22 cm. |
||
| 500 | _aIncluye datos biográficos del autor en la solapa de la portada. | ||
| 590 | _aInventariado, 2022/ YL | ||
| 910 | _aYLockward | ||
| 942 |
_2ddc _cLBS1 |
||
| 999 |
_c51607 _d51607 |
||